[Event "Zagreb zt (Women)"]
[Site "Zagreb"]
[Date "1993.??.??"]
[Round "7"]
[White "Jelica, Mara"]
[Black "Macek, Vlasta"]
[Result "0-1"]
[WhiteElo "2130"]
[BlackElo "2210"]
[EventDate "1993.??.??"]
[PlyCount "144"]

1.e4 e6 2.d4 d5 3.Nd2 Nf6 4.e5 Nfd7 5.f4 c5 6.c3 Nc6 7.Ndf3 a5 8.Ne2 b6 9.
g3 Ba6 10.Kf2 g6 11.Bh3 Be7 12.Kg2 b5 13.Rf1 b4 14.Rf2 Qb6 15.Kh1 Bb5 16.
g4 h5 17.f5 hxg4 18.fxe6 Rxh3 19.exd7+ Kxd7 20.Ng5 Bxg5 21.Bxg5 Rf3 22.
Rxf3 gxf3 23.Nf4 Be2 24.Nxe2 fxe2 25.Qxe2 Ne7 26.Qg2 cxd4 27.Rf1 Qe6 28.
Bxe7 Kxe7 29.Qg5+ Ke8 30.cxd4 Rc8 31.Qh4 Rc2 32.Rf6 Qc8 33.Rf1 Qe6 34.Rf6 
Qc8 35.Qh8+ Ke7 36.Qxc8 Rxc8 37.Ra6 Rc4 38.Rxa5 Rxd4 39.Rb5 Ke6 40.Kg2 
Rd2+ 41.Kg3 Rxb2 42.Kf4 Rf2+ 43.Ke3 Rxa2 44.h4 Kxe5 45.Rxb4 Ra3+ 46.Kd2 
Rf3 47.Ke2 Rf4 48.Rb7 f6 49.Rg7 Kf5 50.Rh7 d4 51.Rh8 Rg4 52.Kd3 Kf4 53.h5 
Rh4 54.Rh6 Rxh5 55.Rxg6 Ke5 56.Rg8 Rh3+ 57.Ke2 f5 58.Re8+ Kf4 59.Rd8 d3+ 
60.Kf2 Rh2+ 61.Kg1 Rd2 62.Kf1 Ke3 63.Ke1 Re2+ 64.Kd1 f4 65.Re8+ Kf2 66.Rf8
f3 67.Rf7 Kg2 68.Rf8 f2 69.Rg8+ Kh3 70.Rh8+ Kg4 71.Rg8+ Kh5 72.Rh8+ Kg6 
0-1

[Event "Zagreb zt (Women)"]
[Site "Zagreb"]
[Date "1993.??.??"]
[Round "7"]
[White "Klinova, Masha"]
[Black "Bazaj Bockai, Snjezana"]
[Result "1-0"]
[WhiteElo "2215"]
[BlackElo "2180"]
[EventDate "1993.??.??"]
[PlyCount "51"]

1.e4 c5 2.Nf3 e6 3.c4 a6 4.Nc3 Qc7 5.Be2 Nc6 6.O-O Nf6 7.d4 cxd4 8.Nxd4 
Bb4 9.Nxc6 dxc6 10.Qc2 Bc5 11.Kh1 e5 12.f4 Bg4 13.fxe5 Qxe5 14.Bf4 Qh5 15.
Bd3 Be6 16.e5 Ng4 17.Ne4 Bd4 18.Nd6+ Kf8 19.Rae1 Nxe5 20.Bf5 Ng4 21.Bxe6 
fxe6 22.Rxe6 Nf6 23.Nf5 Bc5 24.Qd3 Kf7 25.Bd6 Kxe6 26.Nxg7+ 1-0

[Event "Zagreb zt (Women)"]
[Site "Zagreb"]
[Date "1993.??.??"]
[Round "7"]
[White "Misanovic, Vesna"]
[Black "Puljek Salai, Zorica"]
[Result "0-1"]
[WhiteElo "2385"]
[BlackElo "2185"]
[EventDate "1993.??.??"]
[PlyCount "80"]

1.e4 e5 2.Bc4 Nf6 3.d3 Be7 4.Nc3 c6 5.f4 exf4 6.Bxf4 d5 7.exd5 cxd5 8.Bb5+
Nc6 9.d4 O-O 10.Nf3 Bg4 11.O-O Rc8 12.Be3 Bh5 13.Be2 Ne4 14.Bd3 f5 15.Ne2 
Nb4 16.Nf4 Nxd3 17.cxd3 Bxf3 18.Qxf3 Ng5 19.Qxd5+ Qxd5 20.Nxd5 Bd8 21.Rac1
Rxc1 22.Rxc1 Ne6 23.Rc8 Bh4 24.Rxf8+ Kxf8 25.Nf4 Nxf4 26.Bxf4 Ke7 27.Be5 
Bf6 28.Kf2 g5 29.Ke3 Ke6 30.Bb8 a6 31.g3 Kd5 32.Ba7 Be7 33.b3 Kc6 34.Bb8 
Bd6 35.Bxd6 Kxd6 36.h4 h6 37.hxg5 hxg5 38.a4 a5 39.Ke2 Kd5 40.Ke3 b6 0-1

[Event "Zouberi zt"]
[Site "Zouberi"]
[Date "1993.??.??"]
[Round "1"]
[White "Arduman, Can"]
[Black "Moutousis, Konstantinos"]
[Result "1/2-1/2"]
[WhiteElo "2390"]
[BlackElo "2420"]
[EventDate "1993.??.??"]
[PlyCount "59"]

1.d4 Nf6 2.c4 g6 3.Nc3 Bg7 4.e4 d6 5.Bd3 O-O 6.Nge2 Nbd7 7.f3 e5 8.Be3 c6 
9.O-O a6 10.d5 cxd5 11.cxd5 Nh5 12.Qd2 f5 13.exf5 gxf5 14.f4 Qh4 15.Rae1 
Ndf6 16.h3 exf4 17.Bxf4 Nxf4 18.Qxf4 Qxf4 19.Nxf4 Ne4 20.Bxe4 fxe4 21.Nxe4
Bxb2 22.Nxd6 b5 23.Nxc8 Raxc8 24.Ne6 Rxf1+ 25.Rxf1 Ba3 26.Rf5 Rc1+ 27.Rf1 
Rc2 28.Rf2 Rc1+ 29.Rf1 Rc2 30.Rf2 1/2-1/2

[Event "Zouberi zt"]
[Site "Zouberi"]
[Date "1993.??.??"]
[Round "1"]
[White "Camilleri, Henry"]
[Black "Soylu, Suat"]
[Result "0-1"]
[WhiteElo "2220"]
[BlackElo "2340"]
[EventDate "1993.??.??"]
[PlyCount "94"]

1.e4 c5 2.Nf3 d6 3.d4 cxd4 4.Nxd4 Nf6 5.Nc3 a6 6.Bg5 e6 7.f4 b5 8.e5 dxe5 
9.fxe5 Qc7 10.exf6 Qe5+ 11.Be2 Qxg5 12.O-O Qe5 13.fxg7 Bxg7 14.Nf3 Qe3+ 
15.Kh1 O-O 16.Qd3 Qxd3 17.Bxd3 Ra7 18.Rae1 Nd7 19.Ng5 h6 20.Nge4 b4 21.Nd1
Rc7 22.Nd6 Nc5 23.Nxc8 Nxd3 24.cxd3 Rfxc8 25.Ne3 Bxb2 26.Nc4 Bg7 27.g3 Rd8
28.Rf3 Rcd7 29.Rd1 Rd4 30.Na5 Rc8 31.Kg2 Rc2+ 32.Rf2 Rc3 33.Rfd2 h5 34.Kf1
Bh6 35.Rb2 Rdxd3 36.Rxd3 Rxd3 37.Nc6 Rd2 38.Rxd2 Bxd2 39.Ke2 Bc3 40.Kd3 
Be1 41.Ke2 Bc3 42.Kd3 e5 43.Na5 f5 44.Nc4 Kf7 45.a3 Ke6 46.Ne3 Bd4 47.Nc4 
Kd5 0-1

[Event "Zouberi zt"]
[Site "Zouberi"]
[Date "1993.??.??"]
[Round "2"]
[White "Camilleri, Henry"]
[Black "Arduman, Can"]
[Result "0-1"]
[WhiteElo "2220"]
[BlackElo "2390"]
[EventDate "1993.??.??"]
[PlyCount "34"]

1.e4 g6 2.d4 d6 3.Nc3 Bg7 4.Nf3 Nf6 5.Be2 O-O 6.O-O c6 7.h3 Nbd7 8.Bf4 Qa5
9.a3 e5 10.dxe5 dxe5 11.b4 Qc7 12.Be3 Rd8 13.Nd2 Nf8 14.Qc1 Ne6 15.Nb3 Nd4
16.Bc4 b5 17.Bd3 Nxb3 0-1

[Event "Zouberi zt"]
[Site "Zouberi"]
[Date "1993.??.??"]
[Round "2"]
[White "Kalesis, Nikolaos"]
[Black "Grivas, Efstratios"]
[Result "1/2-1/2"]
[WhiteElo "2310"]
[BlackElo "2485"]
[EventDate "1993.??.??"]
[PlyCount "47"]

1.d4 Nf6 2.c4 g6 3.Nc3 Bg7 4.e4 d6 5.f3 a6 6.Be3 c6 7.Qd2 b5 8.O-O-O Qa5 
9.Kb1 Nbd7 10.Bh6 Bxh6 11.Qxh6 Rb8 12.Qc1 c5 13.d5 bxc4 14.h4 h5 15.Ka1 
Nb6 16.Nge2 Bd7 17.Qg5 Na4 18.Rd2 Rb3 19.Nxa4 Bxa4 20.Nc3 Rxc3 21.bxc3 
Qxc3+ 22.Rb2 Qe1+ 23.Rb1 Qc3+ 24.Rb2 1/2-1/2

[Event "Zouberi zt"]
[Site "Zouberi"]
[Date "1993.??.??"]
[Round "2"]
[White "Moutousis, Konstantinos"]
[Black "Kotronias, Vasilios"]
[Result "1-0"]
[WhiteElo "2420"]
[BlackElo "2530"]
[EventDate "1993.??.??"]
[PlyCount "107"]

1.c4 Nf6 2.Nc3 g6 3.e4 d6 4.g3 Bg7 5.Nge2 O-O 6.Bg2 c5 7.a3 Nc6 8.Rb1 Ne5 
9.d3 Bg4 10.h3 Bf3 11.O-O Nfd7 12.b3 e6 13.Bxf3 Nxf3+ 14.Kg2 Nd4 15.Bb2 a6
16.b4 f5 17.bxc5 dxc5 18.a4 Rf7 19.exf5 gxf5 20.Nxd4 cxd4 21.Ne2 Nf8 22.
Ba1 e5 23.Bb2 Rc8 24.f3 h5 25.Qb3 Ne6 26.Ba3 Rc6 27.Rbe1 Qf6 28.Bc1 Qg6 
29.Qd1 f4 30.Kh2 Nc5 31.gxf4 Qxd3 32.fxe5 Bxe5+ 33.f4 Bg7 34.Ng3 Qxd1 35.
Rxd1 Nxa4 36.Nxh5 Rxc4 37.f5 Be5+ 38.Bf4 Rxf5 39.Bxe5 Rxe5 40.Nf6+ Kg7 41.
Rd2 Kg6 42.Rg2+ Rg5 43.Ng4 b5 44.h4 Rxg4 45.Rxg4+ Kh5 46.Rfg1 Rc2+ 47.Kh1 
Rc1 48.Rxd4 Rxg1+ 49.Kxg1 Nc3 50.Kf2 a5 51.Ke1 Na4 52.Rd5+ Kxh4 53.Rxb5 
Nc3 54.Rc5 1-0

[Event "Zouberi zt"]
[Site "Zouberi"]
[Date "1993.??.??"]
[Round "3"]
[White "Grivas, Efstratios"]
[Black "Moutousis, Konstantinos"]
[Result "1-0"]
[WhiteElo "2485"]
[BlackElo "2420"]
[EventDate "1993.??.??"]
[PlyCount "107"]

1.d4 Nf6 2.c4 g6 3.Nc3 Bg7 4.e4 d6 5.h3 O-O 6.Bg5 a6 7.Nf3 c5 8.d5 b5 9.
Bd3 Nbd7 10.O-O Nb6 11.cxb5 axb5 12.Bxb5 Ba6 13.Bxa6 Rxa6 14.Rc1 Qa8 15.b3
h6 16.Be3 Rb8 17.a4 Qb7 18.Nd2 Ne8 19.Qc2 Nc7 20.Rb1 Nd7 21.Nc4 Raa8 22.
Rfd1 Kh7 23.Na3 Na6 24.Ncb5 Rf8 25.Nc4 Nb4 26.Qe2 Ne5 27.Bd2 Na6 28.Bc3 
Nxc4 29.Bxg7 Kxg7 30.bxc4 Nb4 31.e5 Qd7 32.Ra1 Ra6 33.Re1 Kh7 34.e6 fxe6 
35.Qxe6 Qxe6 36.Rxe6 Nd3 37.Rxe7+ Kg8 38.Ra2 Rf4 39.Re6 Rxc4 40.Rxg6+ Kh7 
41.Rxd6 Rxd6 42.Nxd6 Rc1+ 43.Kh2 c4 44.Rd2 Nc5 45.Rd4 c3 46.Rc4 Nb3 47.Nb5
c2 48.d6 Nd2 49.Rc7+ Kg6 50.h4 Kh5 51.d7 Kg4 52.f3+ Kf4 53.d8=Q Nf1+ 54.
Kh3 1-0

[Event "Zouberi zt"]
[Site "Zouberi"]
[Date "1993.??.??"]
[Round "3"]
[White "Kotronias, Vasilios"]
[Black "Camilleri, Henry"]
[Result "1-0"]
[WhiteElo "2530"]
[BlackElo "2220"]
[EventDate "1993.??.??"]
[PlyCount "57"]

1.e4 c5 2.Nf3 d6 3.d4 cxd4 4.Nxd4 Nf6 5.Nc3 Nc6 6.Bc4 e6 7.Be3 a6 8.Qe2 
Qc7 9.O-O-O Be7 10.Bb3 Na5 11.g4 b5 12.g5 Nxb3+ 13.axb3 Nd7 14.Nf5 exf5 
15.Nd5 Qd8 16.exf5 O-O 17.f6 Nxf6 18.gxf6 Bxf6 19.Bb6 Bg5+ 20.f4 Bxf4+ 21.
Kb1 Qg5 22.Rhg1 Qh6 23.Nxf4 Qxf4 24.Qg2 g6 25.Qxa8 Bf5 26.Qd5 Rc8 27.Rd2 
Be4 28.Qd4 Qf5 29.Rc1 1-0

[Event "Zouberi zt"]
[Site "Zouberi"]
[Date "1993.??.??"]
[Round "4"]
[White "Arduman, Can"]
[Black "Kotronias, Vasilios"]
[Result "1/2-1/2"]
[WhiteElo "2390"]
[BlackElo "2530"]
[EventDate "1993.??.??"]
[PlyCount "118"]

1.d4 Nf6 2.c4 g6 3.Nc3 Bg7 4.e4 d6 5.Bd3 O-O 6.Nge2 Nc6 7.O-O e5 8.d5 Nd4 
9.Nxd4 exd4 10.Nb5 Re8 11.Re1 Bd7 12.Bg5 h6 13.Bh4 g5 14.Bg3 Ng4 15.h3 Ne5
16.Bf1 d3 17.Bxe5 Bxe5 18.Nc3 Qf6 19.Qxd3 h5 20.g3 h4 21.g4 c5 22.Rac1 a6 
23.Rc2 Qf4 24.Bg2 b5 25.b3 Rab8 26.Ne2 Qf6 27.Rf1 bxc4 28.bxc4 Ba4 29.Rd2 
Rb4 30.Kh1 Reb8 31.f4 gxf4 32.Nxf4 Bxf4 33.Rdf2 Qd4 34.Qf3 Qe5 35.Qxf4 
Qxf4 36.Rxf4 Rxc4 37.Rxf7 Rc1 38.Rf6 Rxf1+ 39.Bxf1 Bc2 40.Rxd6 Bxe4+ 41.
Kg1 Rb2 42.Rd8+ Kf7 43.d6 Bd5 44.a4 c4 45.Rc8 Ke6 46.Bxc4 Bxc4 47.Rxc4 
Rb1+ 48.Kf2 Rb2+ 49.Kf1 Rb1+ 50.Kf2 Rb2+ 51.Kf3 Rb3+ 52.Kg2 Rb2+ 53.Kf1 
Rb1+ 54.Ke2 Rb2+ 55.Kd3 Kxd6 56.Kd4 Rb3 57.Rc3 Rb4+ 58.Rc4 Rb3 59.Rc3 Rb4+
1/2-1/2

[Event "Zouberi zt"]
[Site "Zouberi"]
[Date "1993.??.??"]
[Round "4"]
[White "Camilleri, Henry"]
[Black "Grivas, Efstratios"]
[Result "1/2-1/2"]
[WhiteElo "2220"]
[BlackElo "2485"]
[EventDate "1993.??.??"]
[PlyCount "85"]

1.e4 c5 2.Nf3 Nc6 3.d4 cxd4 4.Nxd4 Qb6 5.Nb3 Nf6 6.Nc3 e6 7.Bd3 d6 8.O-O 
Be7 9.Kh1 a6 10.f4 Qc7 11.a3 b5 12.Bd2 Bb7 13.Qf3 O-O 14.Qh3 b4 15.Ne2 
bxa3 16.bxa3 e5 17.Ng3 Bc8 18.f5 a5 19.Nh5 a4 20.Nc1 Nd4 21.Na2 Bb7 22.
Nxf6+ Bxf6 23.Nb4 Rfe8 24.Rae1 Rac8 25.Qh5 Qe7 26.Re3 g6 27.Rg3 Bg7 28.Qg4
d5 29.Nxd5 Bxd5 30.Bb4 Qb7 31.exd5 Nxc2 32.fxg6 hxg6 33.d6 Nxb4 34.d7 Nxd3
35.Rxd3 Qc6 36.dxe8=Q+ Qxe8 37.Rfd1 Bf6 38.h3 Kg7 39.Rd6 Rc3 40.Rf1 Be7 
41.Qd7 Qxd7 42.Rxd7 Kf8 43.Rf3 1/2-1/2

[Event "Zouberi zt"]
[Site "Zouberi"]
[Date "1993.??.??"]
[Round "6"]
[White "Kotronias, Vasilios"]
[Black "Grivas, Efstratios"]
[Result "0-1"]
[WhiteElo "2530"]
[BlackElo "2485"]
[EventDate "1993.??.??"]
[PlyCount "124"]

1.e4 c5 2.Nf3 Nc6 3.d4 cxd4 4.Nxd4 Qb6 5.Nb3 Nf6 6.Nc3 e6 7.Bd3 d6 8.Be3 
Qc7 9.f4 a6 10.Qf3 Be7 11.O-O-O b5 12.Kb1 Nd7 13.g4 Nb4 14.g5 Bb7 15.Rhf1 
O-O 16.h4 Rac8 17.g6 Bf6 18.gxf7+ Rxf7 19.Bd4 e5 20.fxe5 Nxe5 21.Qh3 Nbxd3
22.cxd3 b4 23.Na4 Bc6 24.Nb6 Rb8 25.Nd5 Bxd5 26.exd5 Qd7 27.Qg3 Qb5 28.Qg2
Rbf8 29.h5 h6 30.Be3 Nxd3 31.Rxf6 Rxf6 32.Nd4 Qc4 33.Ne6 R8f7 34.Bd4 Nf4 
35.Qh1 Nxe6 36.Bxf6 Rxf6 37.dxe6 Rxe6 38.Rc1 Qe4+ 39.Qxe4 Rxe4 40.Rc8+ Kf7
41.Ra8 Re5 42.Rxa6 Rxh5 43.Rxd6 g5 44.Kc2 g4 45.Kd3 g3 46.Ke2 Rf5 47.Rd3 
Rf2+ 48.Ke1 Rxb2 49.Rf3+ Ke7 50.Rxg3 Rxa2 51.Rb3 Ra4 52.Kd2 h5 53.Kc2 Kf6 
54.Kb2 Kg5 55.Rg3+ Kf4 56.Rd3 Ra5 57.Rd4+ Kg5 58.Rxb4 Rc5 59.Rd4 h4 60.Rd3
Kh5 61.Kb1 Kg4 62.Rd4+ Kg3 0-1

[Event "Zouberi zt"]
[Site "Zouberi"]
[Date "1993.??.??"]
[Round "6"]
[White "Soylu, Suat"]
[Black "Kalesis, Nikolaos"]
[Result "0-1"]
[WhiteElo "2340"]
[BlackElo "2310"]
[EventDate "1993.??.??"]
[PlyCount "50"]

1.e4 c5 2.Nc3 Nc6 3.f4 g6 4.Nf3 Bg7 5.Bc4 e6 6.f5 Nge7 7.fxe6 dxe6 8.d3 
O-O 9.O-O Nd4 10.Nxd4 cxd4 11.Ne2 Qd6 12.Qe1 e5 13.Qh4 Be6 14.Bg5 Nc6 15.
Bf6 Bxc4 16.dxc4 Bxf6 17.Rxf6 Qc5 18.Kh1 Qxc4 19.Ng3 Qxc2 20.Qg5 d3 21.Nh5
d2 22.Rff1 f5 23.exf5 Rxf5 24.Nf6+ Kg7 25.Qh4 Rf8 0-1

[Event "Zouberi zt"]
[Site "Zouberi"]
[Date "1993.??.??"]
[Round "7"]
[White "Grivas, Efstratios"]
[Black "Soylu, Suat"]
[Result "1/2-1/2"]
[WhiteElo "2485"]
[BlackElo "2340"]
[EventDate "1993.??.??"]
[PlyCount "30"]

1.d4 d5 2.c4 c6 3.Nf3 Nf6 4.Nc3 dxc4 5.e3 b5 6.a4 b4 7.Nb1 Ba6 8.Be2 c5 9.
Nbd2 c3 10.bxc3 bxc3 11.Nb1 Qa5 12.O-O e6 13.Ba3 Be7 14.Bxa6 Nxa6 15.Qd3 
Nd5 1/2-1/2

[Event "Zouberi zt"]
[Site "Zouberi"]
[Date "1993.??.??"]
[Round "7"]
[White "Kalesis, Nikolaos"]
[Black "Moutousis, Konstantinos"]
[Result "0-1"]
[WhiteElo "2310"]
[BlackElo "2420"]
[EventDate "1993.??.??"]
[PlyCount "108"]

1.e4 c5 2.Nf3 d6 3.d4 cxd4 4.Nxd4 Nf6 5.Nc3 Nc6 6.Be3 Ng4 7.Bg5 h6 8.Bh4 
g5 9.Bg3 Bg7 10.Nb3 Be6 11.h4 gxh4 12.Bxh4 Rc8 13.Qd2 a6 14.f3 Nge5 15.Bf2
Bc4 16.Be2 Bxe2 17.Qxe2 Na5 18.Nd5 Nac4 19.c3 Ng6 20.f4 e6 21.f5 exd5 22.
fxg6 fxg6 23.exd5+ Qe7 24.Qxe7+ Kxe7 25.O-O-O Rcf8 26.Rhe1+ Kd7 27.Bd4 
Bxd4 28.Rxd4 Ne5 29.Rd2 Rf6 30.Nc5+ Kc7 31.Ne4 Rf4 32.Kc2 b6 33.b3 Rhf8 
34.c4 Rf1 35.Rde2 Rxe1 36.Rxe1 h5 37.Kc3 h4 38.b4 h3 39.gxh3 Rf3+ 40.Kc2 
Nxc4 41.Ng5 Rg3 42.Ne6+ Kc8 43.Kb1 Rxh3 44.Rg1 b5 45.Rxg6 Rh1+ 46.Kc2 Ne3+
47.Kb2 Nxd5 48.Nd4 Rh4 49.Nf5 Rxb4+ 50.Kc2 Kc7 51.Nxd6 Rh4 52.Nf5 Rh2+ 53.
Kb3 a5 54.a3 a4# 0-1

[Event "Zouberi zt"]
[Site "Zouberi"]
[Date "1993.??.??"]
[Round "8"]
[White "Camilleri, Henry"]
[Black "Kalesis, Nikolaos"]
[Result "0-1"]
[WhiteElo "2220"]
[BlackElo "2310"]
[EventDate "1993.??.??"]
[PlyCount "82"]

1.e4 c5 2.Nc3 Nc6 3.g3 g6 4.Bg2 Bg7 5.d3 d6 6.Nh3 Nf6 7.O-O O-O 8.f4 Bg4 
9.Qe1 Nd4 10.Qf2 h6 11.Kh1 b5 12.Ng1 Rc8 13.h3 Bd7 14.Be3 b4 15.Nd1 Ne8 
16.c3 bxc3 17.bxc3 Nb5 18.Qd2 Qa5 19.Ne2 f5 20.Kh2 Kh7 21.Bf3 Nf6 22.Nf2 
fxe4 23.dxe4 Na3 24.Qd1 Ba4 25.Qc1 Nc4 26.f5 g5 27.h4 gxh4 28.gxh4 Ne5 29.
Bg2 Bb5 30.Nf4 Bxf1 31.Bxf1 Neg4+ 32.Kg2 Nxf2 33.e5 dxe5 34.Ne6 N2g4 35.
Be2 Rg8 36.Ng5+ hxg5 37.hxg5 Bh6 38.g6+ Kg7 39.Bxh6+ Nxh6 40.Qe3 Qa4 41.
Bf3 Qf4 0-1

[Event "Zouberi zt"]
[Site "Zouberi"]
[Date "1993.??.??"]
[Round "8"]
[White "Soylu, Suat"]
[Black "Moutousis, Konstantinos"]
[Result "1/2-1/2"]
[WhiteElo "2340"]
[BlackElo "2420"]
[EventDate "1993.??.??"]
[PlyCount "33"]

1.d4 d5 2.c4 e6 3.Nc3 Be7 4.Nf3 Nf6 5.Bg5 O-O 6.e3 Nbd7 7.Rc1 h6 8.Bh4 a6 
9.cxd5 exd5 10.Bd3 c6 11.O-O Re8 12.Bb1 Ne4 13.Bxe7 Qxe7 14.Nxe4 dxe4 15.
Nd2 Nf6 16.Rc5 Qd6 17.h3 1/2-1/2

[Event "Zouberi zt"]
[Site "Zouberi"]
[Date "1993.??.??"]
[Round "9"]
[White "Moutousis, Konstantinos"]
[Black "Camilleri, Henry"]
[Result "1-0"]
[WhiteElo "2420"]
[BlackElo "2220"]
[EventDate "1993.??.??"]
[PlyCount "59"]

1.d4 f5 2.c4 Nf6 3.Nc3 e6 4.Nf3 d5 5.Bf4 c6 6.e3 Bd6 7.Bd3 O-O 8.Qc2 Na6 
9.a3 Nc7 10.h3 b6 11.Ne5 Bb7 12.c5 bxc5 13.dxc5 Bxc5 14.g4 g6 15.O-O-O Qe7
16.Rdg1 Kh8 17.h4 Rg8 18.Be2 Rab8 19.g5 Nh5 20.Bxh5 gxh5 21.g6 Rg7 22.Nf7+
Rxf7 23.gxf7 Bd6 24.Bxd6 Qxd6 25.Rg2 Qe7 26.Rhg1 Qxf7 27.Ne4 Nb5 28.Nd6 
Qf6 29.Nxb7 h6 30.Rg6 1-0

[Event "Budapest Statisztika 02"]
[Site "Budapest"]
[Date "1993.??.??"]
[Round "1"]
[White "Gaertner, Guntram"]
[Black "Fancsy, Imre"]
[Result "0-1"]
[WhiteElo "2290"]
[BlackElo "2300"]
[EventDate "1993.02.??"]
[PlyCount "90"]

1.d4 d5 2.c4 e6 3.Nc3 Be7 4.cxd5 exd5 5.Bf4 Nf6 6.e3 O-O 7.Nf3 Bf5 8.Bd3 
Bxd3 9.Qxd3 c6 10.O-O Nh5 11.Bg3 Nxg3 12.hxg3 Nd7 13.Rab1 a5 14.Rbc1 Bd6 
15.Nh4 Re8 16.Na4 Re4 17.Nf5 Bf8 18.Nc3 Re6 19.Ne2 Qg5 20.Nf4 Rf6 21.Nh4 
Bd6 22.Nh3 Qh6 23.Qc2 g6 24.Qe2 Re8 25.Qg4 Nb6 26.Ng5 Qg7 27.e4 h5 28.Qd1 
dxe4 29.Re1 e3 30.Rxe3 Rxe3 31.fxe3 Qh6 32.Nhf3 Rf5 33.Qb3 Bc7 34.Nh3 Rb5 
35.Qc3 Nd5 36.Qd2 Qxe3+ 37.Qxe3 Nxe3 38.Re1 Nd5 39.b3 Bxg3 40.Re8+ Kg7 41.
Nf2 a4 42.Ne4 axb3 43.axb3 h4 44.Nxg3 hxg3 45.Nd2 Rb4 0-1

[Event "Budapest Statisztika 02"]
[Site "Budapest"]
[Date "1993.??.??"]
[Round "1"]
[White "Nemeth, Zoltan"]
[Black "Schebler, Gerhard"]
[Result "1-0"]
[WhiteElo "2380"]
[BlackElo "2365"]
[EventDate "1993.02.??"]
[PlyCount "85"]

1.d4 d6 2.g3 e5 3.dxe5 dxe5 4.Qxd8+ Kxd8 5.Bg2 c6 6.Nc3 Be6 7.Nf3 f6 8.Be3
Nd7 9.Nd2 Ne7 10.f4 Nf5 11.Bf2 Bc5 12.Nde4 Bxf2+ 13.Kxf2 Ke7 14.Rhd1 exf4 
15.gxf4 Rad8 16.b3 h6 17.Rd2 g5 18.e3 Nh4 19.Rad1 Bg4 20.Ne2 Nxg2 21.Kxg2 
Nb6 22.Rxd8 Rxd8 23.Rxd8 Kxd8 24.Kf2 Bxe2 25.Kxe2 gxf4 26.Nxf6 fxe3 27.
Kxe3 a5 28.Ke4 Ke7 29.Ng8+ Ke6 30.Nxh6 Nd5 31.a3 a4 32.Kd4 axb3 33.cxb3 b6
34.Ng4 Nc7 35.a4 Kd6 36.Ne3 b5 37.a5 Ne6+ 38.Ke4 Nc5+ 39.Kf5 Nxb3 40.a6 
Kc7 41.h4 Nd4+ 42.Kf6 Ne2 43.h5 1-0

[Event "Budapest Statisztika 02"]
[Site "Budapest"]
[Date "1993.??.??"]
[Round "1"]
[White "Roos, Jean Luc"]
[Black "Kiss, Pal"]
[Result "1-0"]
[WhiteElo "2355"]
[BlackElo "2390"]
[EventDate "1993.02.??"]
[PlyCount "39"]

1.e4 c5 2.Nc3 Nc6 3.g3 g6 4.Bg2 Bg7 5.d3 d6 6.f4 e6 7.Nf3 Nge7 8.O-O O-O 
9.Be3 Nd4 10.Bf2 Nec6 11.Nxd4 Nxd4 12.e5 dxe5 13.fxe5 Bxe5 14.Ne4 f5 15.
Nxc5 Qc7 16.b4 Nc6 17.d4 Rd8 18.c3 b6 19.Nd3 Ba6 20.Bxc6 1-0

[Event "Budapest Statisztika 02"]
[Site "Budapest"]
[Date "1993.??.??"]
[Round "2"]
[White "Grabher, Heinz"]
[Black "Roos, Jean Luc"]
[Result "1-0"]
[WhiteElo "2165"]
[BlackElo "2355"]
[EventDate "1993.02.??"]
[PlyCount "69"]

1.e4 e6 2.d4 d5 3.Nc3 Bb4 4.Bd2 Nf6 5.e5 Bxc3 6.Bxc3 Ne4 7.Qg4 O-O 8.Bd3 
f5 9.exf6 Qxf6 10.Nf3 Nxc3 11.bxc3 c5 12.O-O c4 13.Be2 Nc6 14.Qg3 Qf5 15.
Bd1 Rf6 16.Re1 Rg6 17.Qc7 Qh3 18.g3 Rf6 19.Ng5 Qf5 20.f4 h6 21.Nf3 g5 22.
fxg5 hxg5 23.Rf1 Rf7 24.Qd6 Qe4 25.Re1 Qg6 26.Ne5 Nxe5 27.Rxe5 Bd7 28.Bg4 
Re8 29.Rae1 Qxc2 30.Rxg5+ Kh7 31.Qe5 Qf2+ 32.Kh1 Qf6 33.Bh5 Ref8 34.Bxf7 
Qxf7 35.Rh5+ 1-0

[Event "Budapest Statisztika 02"]
[Site "Budapest"]
[Date "1993.??.??"]
[Round "2"]
[White "Habibi, Ali"]
[Black "Schebler, Gerhard"]
[Result "1-0"]
[WhiteElo "2305"]
[BlackElo "2365"]
[EventDate "1993.02.??"]
[PlyCount "25"]

1.b3 e5 2.Bb2 Nc6 3.c4 Nf6 4.g3 d5 5.cxd5 Qxd5 6.Nf3 e4 7.Nc3 Qh5 8.Nh4 
Bc5 9.Qb1 Bf5 10.Nxf5 Qxf5 11.f3 O-O-O 12.Nxe4 Bd4 13.Nd6+ 1-0

[Event "Budapest Statisztika 02"]
[Site "Budapest"]
[Date "1993.??.??"]
[Round "2"]
[White "Kiss, Pal"]
[Black "Gaertner, Guntram"]
[Result "1-0"]
[WhiteElo "2390"]
[BlackElo "2290"]
[EventDate "1993.02.??"]
[PlyCount "83"]

1.d4 Nf6 2.c4 e6 3.Nf3 b6 4.g3 Bb7 5.Bg2 Be7 6.Nc3 O-O 7.O-O Ne4 8.Bd2 
Nxd2 9.Qxd2 f5 10.d5 Bf6 11.Nd4 Na6 12.Rfd1 Bg5 13.f4 e5 14.fxg5 exd4 15.
Nb5 Nc5 16.Nxd4 Qe7 17.Qf4 d6 18.b4 Na6 19.a3 Bc8 20.Rd3 g6 21.Re3 Qg7 22.
Rd1 Kh8 23.Nc6 Bd7 24.Re7 Rf7 25.Rxf7 Qxf7 26.g4 Rf8 27.gxf5 gxf5 28.Qd4+ 
Qg7 29.Nxa7 Nb8 30.Kf2 Rg8 31.h4 Ba4 32.Rd2 Nd7 33.Qxg7+ Rxg7 34.Nc6 Bxc6 
35.dxc6 Ne5 36.c5 bxc5 37.bxc5 Rg8 38.cxd6 Nc4 39.Bd5 Nxd2 40.Bxg8 Ne4+ 
41.Ke3 Nxd6 42.Be6 1-0

[Event "Budapest Statisztika 02"]
[Site "Budapest"]
[Date "1993.??.??"]
[Round "3"]
[White "Gyorkos, Lajos"]
[Black "Kiss, Pal"]
[Result "1/2-1/2"]
[WhiteElo "2435"]
[BlackElo "2390"]
[EventDate "1993.02.??"]
[PlyCount "22"]

1.d4 d5 2.Nf3 Nf6 3.Bg5 Ne4 4.Bf4 c5 5.c3 Nc6 6.e3 Qb6 7.Qc1 Bf5 8.Nbd2 e6
9.Be2 Be7 10.O-O O-O 11.h3 Rac8 1/2-1/2

[Event "Budapest Statisztika 02"]
[Site "Budapest"]
[Date "1993.??.??"]
[Round "3"]
[White "Nemeth, Zoltan"]
[Black "Fancsy, Imre"]
[Result "1/2-1/2"]
[WhiteElo "2380"]
[BlackElo "2300"]
[EventDate "1993.02.??"]
[PlyCount "103"]

1.Nf3 d5 2.d4 Nf6 3.g3 Bf5 4.Bg2 e6 5.O-O Nbd7 6.c4 c6 7.Nbd2 Be7 8.b3 h6 
9.Bb2 O-O 10.Ne5 a5 11.Nxd7 Qxd7 12.a3 b5 13.c5 Qc7 14.Nf3 Be4 15.Bh3 Nd7 
16.Rc1 Bf5 17.Bg2 Be4 18.Ne5 Bxg2 19.Kxg2 g6 20.Rc2 Bf6 21.Nxd7 Qxd7 22.
Bc1 Bg7 23.Bf4 f6 24.Bd6 Rf7 25.e4 f5 26.exd5 exd5 27.Re1 Bf8 28.Be5 a4 
29.b4 Re8 30.f4 Bg7 31.Rce2 Rfe7 32.Qd3 Kf7 33.h3 Bxe5 34.fxe5 Ke6 35.g4 
Rg7 36.Rf2 Rf8 37.Ref1 Rgg8 38.Kh2 Qh7 39.Rf4 Rf7 40.Qg3 Rgf8 41.gxf5+ 
Rxf5 42.Rxf5 Rxf5 43.Rxf5 gxf5 44.Qh4 Qg6 45.Qd8 Kf7 46.Qd6 Qg5 47.e6+ Kg8
48.Qg3 f4 49.Qg4 Kf8 50.Kg2 Qxg4+ 51.hxg4 Ke7 52.Kf3 1/2-1/2

[Event "Budapest Statisztika 02"]
[Site "Budapest"]
[Date "1993.??.??"]
[Round "3"]
[White "Roos, Jean Luc"]
[Black "Somogyi, Istvan"]
[Result "1-0"]
[WhiteElo "2355"]
[BlackElo "2295"]
[EventDate "1993.02.??"]
[PlyCount "105"]

1.e4 c5 2.Nc3 Nc6 3.g3 g6 4.Bg2 Bg7 5.d3 e6 6.Be3 d6 7.f4 Nge7 8.Nf3 Rb8 
9.O-O O-O 10.Qd2 b5 11.d4 b4 12.Ne2 Ba6 13.Rfe1 d5 14.e5 Bxe2 15.Rxe2 cxd4
16.Nxd4 Nxd4 17.Bxd4 Qc7 18.a3 bxa3 19.Rxa3 Nc6 20.Bc5 Rfc8 21.Bd6 Qb6+ 
22.Ree3 Rb7 23.Rb3 Qa5 24.Qxa5 Nxa5 25.Rec3 Re8 26.Ra3 Rb5 27.Bf1 Nc4 28.
Bxc4 dxc4 29.Rxc4 a5 30.Rac3 f6 31.Rc8 Rxc8 32.Rxc8+ Kf7 33.Rc7+ Kg8 34.
Rc8+ Kf7 35.Rb8 Rd5 36.Rb7+ Kg8 37.c4 Rd2 38.c5 Rc2 39.Rb6 fxe5 40.fxe5 
Bh6 41.Rb8+ Kf7 42.Rb7+ Kg8 43.Kh1 Be3 44.Rc7 Rxb2 45.c6 Rc2 46.Rc8+ Kg7 
47.c7 Rc1+ 48.Kg2 Rc2+ 49.Kf3 Bb6 50.Rd8 Bxc7 51.Rd7+ Kh6 52.Rxc7 Rxh2 53.
Kg4 1-0

[Event "Budapest Statisztika 02"]
[Site "Budapest"]
[Date "1993.??.??"]
[Round "3"]
[White "Schebler, Gerhard"]
[Black "Roos, Celine"]
[Result "1-0"]
[WhiteElo "2365"]
[BlackElo "2180"]
[EventDate "1993.02.??"]
[PlyCount "73"]

1.Nf3 Nf6 2.d4 e6 3.c4 b6 4.g3 Ba6 5.Qa4 Bb7 6.Bg2 Be7 7.O-O O-O 8.Nc3 c5 
9.dxc5 bxc5 10.Rd1 Qb6 11.Qc2 d6 12.b3 Nbd7 13.Bb2 Bc6 14.e4 Rfd8 15.Rd2 
Qb7 16.Nd5 Nf8 17.Bxf6 gxf6 18.Nxe7+ Qxe7 19.Re1 Ng6 20.h4 Ne5 21.Nh2 Bb7 
22.Qc3 Rab8 23.Qe3 Qf8 24.Red1 Kh8 25.Qf4 Qg7 26.Rxd6 Rg8 27.Nf3 Ng6 28.
Qe3 f5 29.exf5 Bxf3 30.Qxf3 exf5 31.h5 Ne5 32.Qxf5 Ng4 33.Qxc5 Rbe8 34.h6 
Nxh6 35.Qd4 Nf5 36.Qxg7+ Kxg7 37.Rd7 1-0

[Event "Budapest Statisztika 02"]
[Site "Budapest"]
[Date "1993.??.??"]
[Round "4"]
[White "Grabher, Heinz"]
[Black "Gyorkos, Lajos"]
[Result "0-1"]
[WhiteElo "2165"]
[BlackElo "2435"]
[EventDate "1993.02.??"]
[PlyCount "76"]

1.e4 c5 2.Nf3 d6 3.d4 cxd4 4.Qxd4 Nf6 5.Nc3 h6 6.e5 dxe5 7.Bb5+ Bd7 8.Nxe5
Nc6 9.Bxc6 bxc6 10.Qc4 e6 11.Bf4 Qb6 12.O-O Qb4 13.Rfd1 Qxc4 14.Nxc4 Nd5 
15.Nd6+ Ke7 16.Bg3 f6 17.Nde4 e5 18.Nc5 Be6 19.f4 Nxc3 20.bxc3 Bg4 21.Rd2 
Rd8 22.Rxd8 Kxd8 23.Nd3 e4 24.Nf2 Bc5 25.Kf1 Bf5 26.Ke2 Re8 27.h3 Be6 28.
a4 f5 29.Nd1 Bc4+ 30.Ke1 g5 31.h4 Kc8 32.fxg5 hxg5 33.Rb1 f4 34.Bh2 Rh8 
35.g3 f3 36.Nf2 e3 37.Nd3 Bd6 38.Bg1 Bxg3+ 0-1